| 000 | 01514nam a2200361Ia 4500 | ||
|---|---|---|---|
| 001 | ebr10054645 | ||
| 003 | CaPaEBR | ||
| 006 | m u | ||
| 007 | cr cn||||||||| | ||
| 008 | 990301s2000 enka sb 001 0 eng d | ||
| 010 | _z 99014505 | ||
| 020 | _z0203014014 | ||
| 020 | _z0415161819 (alk. paper) | ||
| 040 |
_aCaPaEBR _cCaPaEBR |
||
| 035 | _a(OCoLC)560049204 | ||
| 050 | 1 | 4 |
_aT155 _b.M37 2000eb |
| 082 | 0 | 4 |
_a620/.0071/052 _221 |
| 100 | 1 |
_aMcCormick, Kevin, _d1944- |
|
| 245 | 1 | 0 |
_aEngineers in Japan and Britain _h[electronic resource] : _beducation, training, and employment / _cKevin McCormick. |
| 260 |
_aLondon ; _aNew York : _bRoutledge, _c2000. |
||
| 300 |
_axxii, 302 p. : _bill. |
||
| 490 | 1 | _aThe Nissan Institute/Routledge Japanese studies series | |
| 504 | _aIncludes bibliographical references (p. [276]-296) and index. | ||
| 533 |
_aElectronic reproduction. _bPalo Alto, Calif. : _cebrary, _d2009. _nAvailable via World Wide Web. _nAccess may be limited to ebrary affiliated libraries. |
||
| 650 | 0 |
_aEngineering _xStudy and teaching _zJapan. |
|
| 650 | 0 |
_aEngineering _xStudy and teaching _zGreat Britain. |
|
| 650 | 0 |
_aEngineers _xTraining of _zJapan. |
|
| 650 | 0 |
_aEngineers _xTraining of _zGreat Britain. |
|
| 655 | 7 |
_aElectronic books. _2local |
|
| 710 | 2 | _aebrary, Inc. | |
| 830 | 0 | _aNissan Institute/Routledge Japanese studies series. | |
| 856 | 4 | 0 |
_uhttp://site.ebrary.com/lib/rucke/Doc?id=10054645 _zAn electronic book accessible through the World Wide Web; click to view |
| 999 |
_c64752 _d64752 |
||